MARC details
| 000 -LEADER |
| fixed length control field |
02910cam a22003258i 4500 |
| 001 - CONTROL NUMBER |
| control field |
21440661 |
| 005 - DATE AND TIME OF LATEST TRANSACTION |
| control field |
20250224105845.0 |
| 008 - FIXED-LENGTH DATA ELEMENTS--GENERAL INFORMATION |
| fixed length control field |
200127s2020 flu b 001 0 eng |
| 010 ## - LIBRARY OF CONGRESS CONTROL NUMBER |
| LC control number |
2019060130 |
| 020 ## - INTERNATIONAL STANDARD BOOK NUMBER |
| International Standard Book Number |
9780367428150 |
| Qualifying information |
(hardback) |
| 040 ## - CATALOGING SOURCE |
| Original cataloging agency |
LBSOR/DLC |
| Language of cataloging |
eng |
| Description conventions |
rda |
| Transcribing agency |
DLC |
| 041 1# - LANGUAGE CODE |
| Language code of text/sound track or separate title |
eng |
| Language code of original |
fre |
| 042 ## - AUTHENTICATION CODE |
| Authentication code |
pcc |
| 050 00 - LIBRARY OF CONGRESS CALL NUMBER |
| Classification number |
QA279.5 |
| Item number |
.H63 2020 |
| 082 00 - DEWEY DECIMAL CLASSIFICATION NUMBER |
| Classification number |
519.542 |
| Edition information |
23 |
| 100 1# - MAIN ENTRY--PERSONAL NAME |
| Personal name |
Hoang, Lê Nguyên, |
| Relator term |
author. |
| 9 (RLIN) |
5295 |
| 240 10 - UNIFORM TITLE |
| Uniform title |
Formule du savoir. |
| Language of a work |
English. |
| 245 14 - TITLE STATEMENT |
| Title |
The equation of knowledge : |
| Remainder of title |
from Bayes' rule to a unified philosophy of science / |
| Statement of responsibility, etc. |
Lê Nguyên Hoang. |
| 263 ## - PROJECTED PUBLICATION DATE |
| Projected publication date |
2006 |
| 260 #1 - PUBLICATION, DISTRIBUTION, ETC. |
| Place of publication, distribution, etc. |
Boca Raton : |
| Name of publisher, distributor, etc. |
C&H/CRC Press, |
| Date of publication, distribution, etc. |
2020. |
| 300 ## - PHYSICAL DESCRIPTION |
| Extent |
pages cm |
| 500 ## - GENERAL NOTE |
| General note |
Translation of: La formule du savoir : une philosophie unifiée du savoir fondée sur le théorème de Bayes |
| 504 ## - BIBLIOGRAPHY, ETC. NOTE |
| Bibliography, etc. note |
Includes bibliographical references and index. |
| 505 0# - FORMATTED CONTENTS NOTE |
| Formatted contents note |
Foreword / Gilles Dowek -- On a transformative journey -- Bayes theorem -- Logically speaking... -- Let's generalize! -- All hail prejudices -- The Bayesian prophets -- Solomonoff's demon -- Can you keep a secret? -- Game, set and math -- Will Darwin select Bayes? -- Exponentially counter-intuitive -- Ockham cuts to the chase -- Facts are misleading -- Quick and not too dirty -- Wish me luck -- Down memory lane -- Let's sleep on it -- The unreasonable effectiveness of abstraction -- The Bayesian brain -- It's all fictions -- Exploring the origins of beliefs -- Beyond Bayesianism. |
| 520 ## - SUMMARY, ETC. |
| Summary, etc. |
"The Equation of Knowledge: From Bayes' Rule to a Unified Philosophy of Science introduces readers to the Bayesian approach to science: teasing out the link between probability and knowledge. The author strives to make this book accessible to a very broad audience, suitable for professionals, students, and academics, as well as the enthusiastic amateur scientist/mathematician. This book also shows how Bayesianism sheds new light on nearly all areas of knowledge, from philosophy to mathematics, science and engineering, but also law, politics and everyday decision-making. Bayesian thinking is an important topic for research, which has seen dramatic progress in the recent years, and has a significant role to play in the understanding and development of AI and Machine Learning, among many other things. This book seeks to act as a tool for proselytising the benefits and limits of Bayesianism to a wider public. Features Presents the Bayesian approach as a unifying scientific method for a wide range of topics Suitable for a broad audience, including professionals, students, and academics Provides a more accessible, philosophical introduction to the subject that is offered elsewhere"-- |
| Assigning source |
Provided by publisher. |
| 650 #0 - SUBJECT ADDED ENTRY--TOPICAL TERM |
| Topical term or geographic name entry element |
Bayesian statistical decision theory. |
| 9 (RLIN) |
5296 |
| 650 #0 - SUBJECT ADDED ENTRY--TOPICAL TERM |
| Topical term or geographic name entry element |
Knowledge, Theory of. |
| 9 (RLIN) |
5297 |
| 650 #0 - SUBJECT ADDED ENTRY--TOPICAL TERM |
| Topical term or geographic name entry element |
Mathematics |
| General subdivision |
Philosophy. |
| 9 (RLIN) |
5298 |
| 650 #0 - SUBJECT ADDED ENTRY--TOPICAL TERM |
| Topical term or geographic name entry element |
Science |
| General subdivision |
Methodology. |
| 9 (RLIN) |
5299 |